Teeny, Tiny mouse : (Record no. 7404)

MARC details
000 -LEADER
fixed length control field 00924nam a22002777a 4500
001 - CONTROL NUMBER
control field 7404
003 - CONTROL NUMBER IDENTIFIER
control field FISKH
005 - DATE AND TIME OF LATEST TRANSACTION
control field 20250714091639.0
008 - FIXED-LENGTH DATA ELEMENTS--GENERAL INFORMATION
fixed length control field 250714b cb ||||| |||| 00| 0 eng d
040 ## - CATALOGING SOURCE
Original cataloging agency FISKH
Language of cataloging eng
Transcribing agency FISKH
Modifying agency FISKH
050 ## - LIBRARY OF CONGRESS CALL NUMBER
Classification number PZ8.L565 T
082 ## - DEWEY DECIMAL CLASSIFICATION NUMBER
Classification number 548
100 ## - MAIN ENTRY--PERSONAL NAME
Personal name Leuck, Laura
245 ## - TITLE STATEMENT
Title Teeny, Tiny mouse :
Remainder of title A book about colors /
Statement of responsibility, etc. by Laura Leuck ; Illustrated by Pat Schories
250 ## - EDITION STATEMENT
Edition statement This edition published in 2002
260 ## - PUBLICATION, DISTRIBUTION, ETC.
Place of publication, distribution, etc. Bristol :
Name of publisher, distributor, etc. Bridge Water Books,
Date of publication, distribution, etc. 1998
300 ## - PHYSICAL DESCRIPTION
Extent 32 unnumbered pages :
Other physical details color illustrations ;
Dimensions 27 cm
505 ## - FORMATTED CONTENTS NOTE
Formatted contents note G<br/>
520 ## - SUMMARY, ETC.
Summary, etc. A teeny, tiny mouse and his mommy point out objects of various colors all around their teeny, tiny house.
521 8# - TARGET AUDIENCE NOTE
Target audience note 300<br/>
Source Lexile estimate<br/>
521 8# - TARGET AUDIENCE NOTE
Target audience note G
Source Raz-Plus<br/>
650 ## - SUBJECT ADDED ENTRY--TOPICAL TERM
Topical term or geographic name entry element Rhyming
Form subdivision Mice
General subdivision Picture Book
Chronological subdivision Color
700 ## - ADDED ENTRY--PERSONAL NAME
Personal name Schories, Pat
Relator term illustrator
942 ## - ADDED ENTRY ELEMENTS (KOHA)
Source of classification or shelving scheme Dewey Decimal Classification
Koha item type Books
Suppress in OPAC No
Holdings
Withdrawn status Lost status Source of classification or shelving scheme Damaged status Not for loan Collection Home library Current library Shelving location Date acquired Total Checkouts Full call number Barcode Date last seen Copy number Price effective from Koha item type
    Dewey Decimal Classification     Juvenile Fiction Footprints International School Library Network Toul Kork Campus Footprints International School Library Network Toul Kork Campus TK Primary Library Room(4th Floor), Bookcase 7, Shelves 57-60, Dark Green Books 07/14/2025   LEU 548 PZ8.L565 T 2025-1838 07/14/2025 1 07/14/2025 Books